| 000 | 01273cam a22003977a 4500 | ||
|---|---|---|---|
| 003 | CHAP | ||
| 005 | 20220817043518.0 | ||
| 008 | 990212d1997 it ab rn 00110 eng d | ||
| 010 | _a77023 | ||
| 011 | _a77995 | ||
| 020 | _a9251039755 | ||
| 022 | _a1024-6703 | ||
| 035 | _a87774 | ||
| 040 | _cCHAP | ||
| 082 | 0 | 4 |
_a631.4 _bF39 v.5 |
| 110 | 2 | _aFAO | |
| 245 | 1 | 0 |
_aLand quality indicators and their use in sustainable agriculture and rural development : _bproceedings _c/by FAO |
| 260 |
_aRome : _bFAO, _c1997. |
||
| 300 |
_a212 p. : _bilus. ; gráfs. ; mapas ; cuadros |
||
| 410 | 2 | _aFAO | |
| 490 | 0 |
_aBoletín de tierras y aguas _v; 5 |
|
| 590 |
_aBATCH-UPD _b10 _c20130110 _lUCH01 _h0956 |
||
| 590 |
_aBATCH-UPD _b10 _c20130410 _lUCH01 _h0609 |
||
| 590 |
_aBATCH-UPD _b10 _c20130913 _lUCH01 _h2220 |
||
| 590 |
_aBATCH-UPD _b10 _c20130914 _lUCH01 _h1345 |
||
| 590 |
_aCONVERSION _b10 _c20130109 _lUCH01 _h1342 |
||
| 650 | 1 | 4 | _aAgricultura sustentable. |
| 650 | 1 | 4 |
_aDesarrollo rural. _932067 |
| 650 | 1 | 4 |
_aIndicadores biológicos. _957561 |
| 810 | 0 | _aFAO | |
| 830 | 0 | 0 |
_aBoletín de tierras y aguas _v; 5 _913540 |
| 901 | _aBK | ||
| 905 | _aLilia Sánchez G. | ||
| 942 | _cLIBRO | ||
| 949 |
_a631.4 F39 v.5 _bBC _cFAO _d33724000709580 _eFAO1 _h94526 _i87774 _kDonaciØn _sb |
||
| 999 |
_c77023 _d77023 |
||